000 00591nam a2200169Ia 4500
003 OSt
005 20140321094803.0
008 140130s9999 xx 000 0 und d
020 _a0439365627
050 _aLB 1573.6
_b.On58 2002
245 _a100 write-and-learn sight word practice pages :
_bengaging reproducible activity pages that help kids recognize, write, and really learn the top 100 high-frequency words that are key to reading success /
260 _bScholastic,
_c2002.
_aNew York :
300 _a112 p. :
_bill. ;
_c26 cm.
440 _v1
942 _cBK
_2lcc
999 _c41727
_d41727